MDQL
is popping MORE tags! Check the
thread
!
Quizzes
Events
Quiz Creation
Community
Videos
Private Events
Remove Ads
Sign In
Join for FREE
Feedback
Dark Mode
Quiz Categories
Sports
Geography
Music
Movies
Television
Just For Fun
Miscellaneous
History
Literature
Language
Science
Gaming
Entertainment
Religion
Holiday
For Kids
Quiz Lab
Recent
Popular Today
Quiz Kudos Today
Editor Picks
Curator Picks
Quizzes by...
Day
Popularity
Type
Ratings
Length
Year
Community
Subscriptions
Recent Discussions
Orange Saloon
Badges
Playlists
Quests
Create
Leaderboards
Showdown
Live 5
Trivia Bingo
Activity
Puzzle Library
Sporcle Events
Private Events
Virtual Trivia
Globe League
Become a Host
Pub Owners
SporcleCon
Opinionation
Our Games
Videos
Blog
Mobile Apps
Partnerships
Remove Ads and Go Orange
Feedback
Sports
Athletes
MLB
NBA
NHL
NFL
Soccer
Sports Teams
WWE
NCAA
Football
Premier League
Basketball
Baseball
Hockey
Golf
Tennis
Cricket
Rugby
Auto Racing
Olympics
World Cup
Sports
Athletes
MLB
NBA
NHL
NFL
Soccer
Sports Teams
WWE
NCAA
Football
Premier League
Basketball
Baseball
Hockey
Golf
Tennis
Cricket
Rugby
Auto Racing
Olympics
World Cup
Random Quiz
Search Sporcle
×
Quiz Lab
Quiz Lab
Sports
Type in answers that appear in a list
Type in answers that appear in a list
Classic
Best Score? Go Orange.
MLB Top 100 Leaders in Wins Stats
Can you name the MLB Top 100 Leaders in Wins
By
JeterFan2
20m
100 Questions
860 Plays
860 Plays
860 Plays
Comments
Comments
Give Quiz Kudos
Give Quiz Kudos
-
- Ratings
hide this ad
Replay
Link that replays current quiz
Next Quiz
Link to next quiz in quiz playlist
You Got
0%
They Got
Avg Score
63%
Avg Friend Score
Upgrade to see
Score Distribution
Jump to the score distribution portion of the page
Score
0/100
Timer
20:00
1
Play Today
# of Wins
Player
% Correct
417
Walter Johnson
98.7%
303
Randy Johnson
98.7%
511
Cy Young
98.4%
288
Tommy John
98%
355
Greg Maddux
97.1%
305
Tom Glavine
96.6%
354
Roger Clemens
95.9%
324
Nolan Ryan
93.9%
311
Tom Seaver
93.4%
219
Pedro Martinez
92%
373
Christy Mathewson
91.9%
245
Dennis Martinez
91.9%
329
Steve Carlton
91.6%
318
Phil Niekro
91.4%
214
Max Scherzer
90%
213
John Smoltz
89.8%
363
Warren Spahn
89.5%
236
Whitey Ford
89.4%
251
Bob Gibson
88.8%
270
Mike Mussina
88.6%
373
Grover Cleveland Alexander
88.1%
268
Jim Palmer
88.1%
324
Don Sutton
87.8%
221
Joe Niekro
87.2%
314
Gaylord Perry
87%
215
Jim Perry
86.8%
211
Kevin Brown
85%
300
Lefty Grove
84.7%
216
Curt Schilling
84.1%
284
Fergie Jenkins
83.6%
266
Bob Feller
83.6%
287
Bert Blyleven
82.9%
243
Juan Marichal
82.1%
256
Andy Pettitte
81.5%
# of Wins
Player
% Correct
254
Jack Morris
81.5%
239
Mordecai Brown
79.2%
269
Jamie Moyer
79%
297
Bobby Mathews
78.6%
239
David Wells
77.2%
224
Catfish Hunter
76.4%
286
Robin Roberts
76.3%
240
Frank Tanana
75.8%
222
Jerry Koosman
75.2%
300
Early Wynn
73.3%
283
Jim Kaat
72.5%
224
Jim Bunning
72.4%
229
Luis Tiant
71.7%
247
Bartolo Colon
71.5%
326
Eddie Plank
70.3%
361
Kid Nichols
70.1%
307
Mickey Welch
69.7%
211
Bob Welch
69.6%
365
Pud Galvin
67.6%
253
Carl Hubbell
67.5%
257
Justin Verlander
67.4%
217
Mickey Lolich
66.8%
229
Sad Sam Jones
66.5%
219
Kenny Rogers
65.5%
273
Red Ruffing
64.1%
222
Tim Hudson
64%
309
Old Hoss Radbourn
63.8%
214
Mark Buehrle
63.7%
251
CC Sabathia
61.9%
342
Tim Keefe
61.2%
216
Charlie Hough
60.2%
225
Zack Greinke
58.8%
328
John Clarkson
55.6%
214
Rick Reuschel
54%
# of Wins
Player
% Correct
241
Herb Pennock
53.6%
220
Jerry Reuss
50.5%
266
Eppa Rixey
49.9%
212
Chief Bender
49.8%
237
Waite Hoyt
48.7%
260
Ted Lyons
48.1%
270
Burleigh Grimes
44.6%
246
Joe McGinnity
44.5%
254
Red Faber
41.2%
249
Vic Willis
39.7%
229
Will White
39.2%
211
Billy Pierce
37.6%
215
Stan Coveleski
37%
246
Amos Rusie
36.7%
252
Al Spalding
36.2%
284
Tony Mullane
35.5%
228
George Mullin
33.9%
211
Bobo Newsom
33.1%
216
Wilbur Cooper
32%
265
Jim McCormick
29.6%
234
Tommy Bond
23.1%
237
Clark Griffith
22.4%
264
Gus Weyhing
21.8%
223
Mel Harder
21.8%
247
Jack Quinn
20.7%
223
Hooks Dauss
20%
223
Paul Derringer
19%
233
Charlie Buffinton
17.9%
218
Bob Caruthers
16.8%
245
Jack Powell
14.8%
217
Freddie Fitzsimmons
11.8%
218
Earl Whitehill
9.9%
Quiz Playlist
Details
Report
Send in Message
Add To Playlist
Classic:
Type in answers that appear in a list
Last Updated: Oct 4, 2017
Quiz Scoreboard
CHALLENGE
Sign Up to Join the Scoreboard
Show All
Scores
Hide
Comments
May contain spoilers
Recently Published
1-10 Letter E Words III
by El_Dandy
Language
2m
Street Fighter Characters
by Artimus82
Gaming
60s
College Basketball Coaching Resumes
by pancakes188
Sports
9m
More to Explore
Quiz From the Vault
Featured Blog Post
Where Did the Easter Bunny Come From?
hide this ad
You Might Also Like...
Tags
This quiz does not have any tags.
Today's Top Quizzes in Sports
Browse Sports
hide this ad
Top Contributed Quizzes in Sports
1
2022 World Cup Stars
2
Les meilleurs buteurs des matchs entre le PSG et l’OM
3
FIFA Club World Cup Champions
4
Les entraîneurs de l'OM et du PSG au 21e siècle
5
Criteria MLB: Left Handed Sluggers
6
2023 MLB Unique Player Accomplishments
7
AFC Teams Reveal (Wrong Answers Minefield)
8
Players with Multiple 50 Home Run Seasons
9
5-to-1: FBS Animal Nicknames
10
5-to-1: UK Sports Teams
Explore More
Trending Topics
Marvel
Harry Potter
Kpop
Crossword
Anime
NBA
Disney
The Office
WWE
Country
NFL
Pokémon
Soccer
Song
Puzzle
hide this ad
More By:
JeterFan2
Quiz
Plays
Rating
Category
Featured
Created
MLB World Series Rotations, 1990s-2010s
39,220
4.78
Sports
Jan 8, 2015
MLB Top-5 Highest Paid by Team (2016)
32,645
4.61
Sports
Jan 23, 2016
MLB 2023 Highest Paid Players (Top 50)
15,048
5.00
Sports
Jan 11, 2023
MLB: Relief Pitcher Strikeout Leaders Since 2000
14,008
4.63
Sports
Apr 12, 2018
MLB 100 RBI's 1990's
12,002
4.76
Sports
Oct 8, 2014
Go to Creator's Profile
Score Distribution
Quiz Creator Spotlight
JeterFan2
Follow
Send a Message
Quizzes Created
-
Created Quiz Play Count
-
More By This Creator
Popular Quizzes Today
1
Find the US States - No Outlines Minefield
2
Find the Countries of Europe - No Outlines Minefield
3
The Countries of the World
4
Find the US States
5
Risky Map Clicking: Biggest States A-Z
6
US States
7
Popular People in 1961
8
Movies - When Are They Set?
More Sports Quizzes
David Beckham's Career
Quiz Lab
Trending Quizzes
Risky Map Clicking: Least Populous States A-Z
Billboard Blitz: Aretha Franklin
Famous Russians: Author or Composer?
1-10 Letter G Words
Countries of the World: 200 Million BC
Recently Updated
Leaping Animals
pecheneg
Reality TV Shows (A-Z)
bhenderson79
Rickey Henderson's Hall of Fame Teammates
pecheneg
Champions League XIs: Arsenal
pecheneg
Quick Pick: Celebrities in WWE's Hall of Fame
aduchscher
A-Z Keypad Blitz II
pecheneg
Multiple Oscar Actors
pecheneg
Mystery Phrase Blitz: Oscar 'Best Actors'
pecheneg
F. Scott Fitzgerald Novels
LTH
Pick 3 Villains
ddd62291
Trending Topics
Crossword
Harry Potter
Kpop
Disney
NBA
Anime
Marvel
NFL
The Office
WWE
Pokémon
Soccer
Country
Song
Puzzle
Your Account Isn't Verified!
In order to create a playlist on Sporcle, you need to verify the email address you used during registration. Go to your
Sporcle Settings
to finish the process.
Report this User
Report this user for behavior that violates our
Community Guidelines
.
Details:
Send Report
Go to the Sporcle.com Mobile Site →
Comments